00622nam a22001937a 4500003000400000005001700004008004100021020001500062040002900077050002400106100002100130245006700151250001200218260008300230300005400313650001300367650003100380650001700411OSt20260612120756.0260612b |||||||| |||| 00| 0 eng d a0935652086 cChuka University Library aLB 1025.2b.L3 1982 aLawrence, Gordon aPeople Types and Tiger StripesbA Practical to Learning Styles a2nd ed. a414 Southwest 7th TerracebCenter for Applications of Psychological Typec1982 aviii various pagingbIllustrated includes indexes aTeaching aIndividualized Instruction aStudy Method